006550000a220009700045001000026000002450074000263000051001005000015001515200346001667730045005121 aZapata León, Sergio10aA ti, solo palabras podría darte : Obra reunida de Giovanni Quessep aVol.0, núm.19 (Abril, 2007), Páginas 14-15 aEntrevista aPessoa, Ungaretti, Ajmátova y Neruda son algunos de los grandes poetas del siglo XX cuya obra ha sido reunida por la prestigiosa editorial española Galaxia Gutenberg. Ahora, se publica en esa misma colección la obra del poeta colombiano Giovanni Quessep, lo que representa su más grande reconocimiento editorial en el mundo hispano.0 tArcadia / Andrés Felipe Solano, Editor